000 00530nam a2200169Ia 4500
008 190427s9999 xx 000 0 und d
100 _aPazderski, Sebastian
245 _aEffects of delay on recognition of happy and angry faces
245 _cSebastian Pazderski and Dawn M. Mcbridge.--
260 _bUniversity of Illinois Press
260 _c2018
300 _aPages 33-40, Spring 2018
440 _aJournal of Psychology
_v131(1)
650 _aEmotional Expression
650 _aFace Recognition
650 _aForgetting
999 _c361747
_d361747